Places to Search in The Fugitive Quiz Stats

 Plays Quiz Updated Mar 25, 2020

Support Sporcle.
Go Orange.
Score 0/7 Timer 01:00
0 Plays Today
% Correct
Outhouse
90.4%
Doghouse
66.8%
Henhouse
66.3%
Farmhouse
40.4%
Gas station
20.4%
Warehouse
15.2%
Residence
15%

You're not logged in!

Compare scores with friends on all Sporcle quizzes.
OR
Log In

From the Vault

Hindu Deities

by JoelleJay

It's hard to believe we've never published a quiz about a religion with more than 1 billion followers.
Remove Ads.
Support Sporcle.
Get the best of Sporcle when you Go Orange. This ad-free experience offers more features, more stats, and more fun while also helping to support Sporcle. Thank you for becoming a member.

Show Comments

Extras

Top Quizzes Today


Score Distribution

Your Account Isn't Verified!

In order to create a playlist on Sporcle, you need to verify the email address you used during registration. Go to your Sporcle Settings to finish the process.

Report this User

Report this user for behavior that violates our Community Guidelines.

Details: